[Event "Titled Tuesday intern op 28th Mar Early"]
[Site "Chess.com INT"]
[Date "2023.03.28"]
[Round "5"]
[White "Ballecer, Dino"]
[Black "Sanchez Alvares, Kelvin Antonio"]
[Result "1-0"]
[WhiteElo "2392"]
[BlackElo "2250"]
[PlyCount "49"]
[EventDate "2023.03.28"]
[EventType "swiss (blitz)"]
[EventRounds "11"]
[EventCountry "USA"]
[SourceTitle "EXT 2024"]
[Source "ChessBase"]
[SourceDate "2023.10.10"]
[SourceVersion "1"]
[SourceVersionDate "2023.10.10"]
[SourceQuality "1"]

1. e4 e5 2. Nf3 Nc6 3. Bc4 Bc5 4. 0-0 Nf6 5. d4 exd4 6. e5 d5 7. exf6 dxc4 8. fxg7 Rg8 9. Re1+ Be6 10. Bg5 Qd5 11. Nc3 Qf5 12. Ne4 Rxg7 13. Nh4 Qg4 14. Nf6+ Kf8 15. Nxg4 Rxg5 16. h3 h5 17. Rxe6 hxg4 18. Rxc6 bxc6 19. hxg4 Re8 20. Nf5 Rd8 21. Qf3 Rg6 22. Rd1 Kg8 23. Qf4 Re6 24. Nxd4 Rd5 25. c3 1-0

[Event "Titled Tuesday intern op 28th Mar Early"]
[Site "Chess.com INT"]
[Date "2023.03.28"]
[Round "10"]
[White "Dzhumagaliev, Yan"]
[Black "Sanchez Alvares, Kelvin Antonio"]
[Result "1-0"]
[WhiteElo "2411"]
[BlackElo "2250"]
[PlyCount "71"]
[EventDate "2023.03.28"]
[EventType "swiss (blitz)"]
[EventRounds "11"]
[EventCountry "USA"]
[SourceTitle "EXT 2024"]
[Source "ChessBase"]
[SourceDate "2023.10.10"]
[SourceVersion "1"]
[SourceVersionDate "2023.10.10"]
[SourceQuality "1"]

1. Nf3 d5 2. h4 c6 3. h5 h6 4. d4 Bg4 5. c4 e6 6. Ne5 Bf5 7. Nc3 Nd7 8. Qb3 Nxe5 9. dxe5 Qb6 10. Be3 Qb4 11. Rh4 Be7 12. Qxb4 Bxb4 13. cxd5 Bxc3+ 14. bxc3 exd5 15. a4 Ne7 16. Rb4 b6 17. g4 Be4 18. f3 Bh7 19. a5 b5 20. a6 Kd7 21. Bc5 Nc8 22. e4 dxe4 23. 0-0-0+ Kc7 24. c4 Rd8 25. Rxd8 Kxd8 26. cxb5 cxb5 27. Rd4+ Kc7 28. Bxb5 Nb6 29. Bd6+ Kc8 30. f4 g6 31. hxg6 Bxg6 32. f5 Bh7 33. Bc6 h5 34. Bb7+ Kd8 35. Bc5+ Ke8 36. Bc6+ 1-0

[Event "Titled Tuesday intern op 28th Mar Late"]
[Site "Chess.com INT"]
[Date "2023.03.28"]
[Round "3"]
[White "Sanchez Alvares, Kelvin Antonio"]
[Black "Ardila, Oscar Humberto"]
[Result "1-0"]
[WhiteElo "2250"]
[BlackElo "1982"]
[PlyCount "107"]
[EventDate "2023.03.28"]
[EventType "swiss (blitz)"]
[EventRounds "11"]
[EventCountry "USA"]
[SourceTitle "EXT 2024"]
[Source "ChessBase"]
[SourceDate "2023.10.10"]
[SourceVersion "1"]
[SourceVersionDate "2023.10.10"]
[SourceQuality "1"]

1. e4 e5 2. Nf3 Nf6 3. Nxe5 d6 4. Nf3 Nxe4 5. Qe2 Qe7 6. d3 Nf6 7. Bg5 Qxe2+ 8. Bxe2 Be7 9. Nc3 c6 10. 0-0-0 0-0 11. Rhe1 Re8 12. Nd4 h6 13. Bh4 Na6 14. Bf3 Bd7 15. h3 Nc7 16. Bg3 Rad8 17. Nb3 Bc8 18. Na5 Ne6 19. d4 d5 20. Nb3 b6 21. a3 a5 22. Kb1 Ba6 23. Na4 Nd7 24. Bg4 Bb5 25. Nc3 Bc4 26. Bxe6 fxe6 27. Rxe6 Rc8 28. Rde1 Kf7 29. R6e3 Nf6 30. Nd2 Ba6 31. Na4 Nd7 32. Nf3 Bf6 33. Ne5+ Bxe5 34. dxe5 Re6 35. f4 g6 36. Bh2 d4 37. Rf3 b5 38. Re4 bxa4 39. Rxd4 Nb6 40. g4 Nd5 41. f5 Ree8 42. Rxa4 gxf5 43. gxf5 Be2 44. Rf2 Bh5 45. Rxa5 Ra8 46. Rc5 Rec8 47. c4 Ne3 48. e6+ Ke7 49. f6+ Kxe6 50. Rxh5 Nxc4 51. f7 Rf8 52. Rxh6+ Kd7 53. Rhf6 Rab8 54. Bxb8 1-0

[Event "Titled Tuesday intern op 28th Mar Late"]
[Site "Chess.com INT"]
[Date "2023.03.28"]
[Round "4"]
[White "Sanchez Alvares, Kelvin Antonio"]
[Black "Bazilius, Augustinas"]
[Result "1/2-1/2"]
[WhiteElo "2250"]
[BlackElo "2089"]
[PlyCount "129"]
[EventDate "2023.03.28"]
[EventType "swiss (blitz)"]
[EventRounds "11"]
[EventCountry "USA"]
[SourceTitle "EXT 2024"]
[Source "ChessBase"]
[SourceDate "2023.10.10"]
[SourceVersion "1"]
[SourceVersionDate "2023.10.10"]
[SourceQuality "1"]

1. e4 c5 2. Nf3 d6 3. d4 cxd4 4. Nxd4 Nf6 5. Nc3 Nc6 6. Bg5 e6 7. f4 a6 8. Qd3 Be7 9. 0-0-0 Bd7 10. Nf3 b5 11. e5 dxe5 12. fxe5 Nd5 13. Bxe7 Ncxe7 14. Ne4 0-0 15. Nfg5 Ng6 16. h4 Nxe5 17. Qg3 Qc7 18. Nf3 Rac8 19. c3 Nxf3 20. Qxf3 Bc6 21. Kb1 Qe5 22. Bd3 f5 23. Qg3 f4 24. Qh3 Ne3 25. Ng5 h6 26. Qxe6+ Qxe6 27. Nxe6 Nxd1 28. Nxf8 Nxc3+ 29. bxc3 Rxf8 30. Rg1 Rd8 31. Kc2 Bd5 32. a3 g5 33. hxg5 hxg5 34. Be2 Kf7 35. Bf3 Bxf3 36. gxf3 Kf6 37. Rh1 Kf5 38. Rh6 Re8 39. Rxa6 Re2+ 40. Kd3 Re3+ 41. Kd2 Rxf3 42. Rb6 Rf2+ 43. Ke1 Rb2 44. a4 Rb1+ 45. Kf2 g4 46. Rxb5+ Rxb5 47. axb5 Ke5 48. c4 Kd6 49. Ke2 Kc5 50. Kf2 f3 51. Kg3 Kb6 52. Kf2 Kc5 53. Kf1 Kd6 54. Kg1 Kc5 55. Kh2 Kd4 56. Kg3 Ke3 57. b6 f2 58. b7 f1Q 59. b8Q Qf3+ 60. Kh4 Qf6+ 61. Kxg4 Qe6+ 62. Kg3 Qxc4 63. Qe5+ Kd2 64. Qf4+ Qxf4+ 65. Kxf4 1/2-1/2